000 00334nam a2200145Ia 4500
100 _aGrand/ Mark/ Knudsen/J
942 _cBK
654 _aComputer
245 _aJava Fundamentals Classes Reference
260 _bOreilly & Ass Inc
_aNew Delhi
_c1997
082 _a005.13 (J)
300 _a1045
546 _aENGLISH
999 _c18565
_d18565